000 00191nam a22000857a 4500
001 1243018
005 20251016092341.0
245 _aDEFNEYİ BEKLERKEN
_cASLI DER
260 _bGÜNIŞIĞI YAYINLARI
999 _c1243018
_d1243018